Are You Smarter Than a College Student? XXXIII Quiz Stats

Quiz Updated Nov 1, 2017

Challenge
Share
Tweet
Embed
Score 0/30 Timer 07:00
0 Plays Today
Hint Answer % Correct
Easyvolcano
94.1%
Easypiano
93.7%
Easyalbino
92.3%
Easydomino
89.8%
EasyYoko Ono
89.4%
EasyUno
88.8%
Easysoprano
83.3%
Easykimono
82.5%
EasyJay Leno
82.3%
EasyDelano
79.3%
Mediumpro bono
78.3%
MediumDino
73.4%
Mediumoregano
72.3%
MediumThe Bambino
71%
Mediumjalapeño
70.3%
Hint Answer % Correct
MediumReno
59.6%
MediumAl Pacino
53.3%
MediumSan Marino
52.2%
MediumBrüno
48.7%
MediumJuno
45.9%
Hardcappuccino
40.9%
HardNagano
40.3%
HardPecorino romano
38.6%
HardInferno
35.7%
HardRick Pitino
30.3%
HardCorazon Aquino
28.7%
Hardneutrino
25.4%
HardCupertino
24.9%
HardLee Trevino
22.8%
HardZeno
11%

You're not logged in!

Compare scores with friends on all Sporcle quizzes.
Sign Up with Email
OR
Log In

Show Comments

Extras

Top Quizzes Today


Score Distribution

Your Account Isn't Verified!

In order to create a playlist on Sporcle, you need to verify the email address you used during registration. Go to your Sporcle Settings to finish the process.